[Event "British Chess Championships 2023: U14 Championship"]
[Site "The Venue, De Montfort University, 20 Western Boulevard, Leicester, LE2 7BU"]
[Date "2023.07.25"]
[Round "1"]
[Board "22"]
[White "Ou, Siyao"]
[Black "Kathuria, Dhruv"]
[Result "1/2-1/2"]
[WhiteElo "1088"]
[BlackElo "1313"]
[PlyCount "89"]
[EventDate "2023.07.25"]
[EventRounds "7"]
[EventCountry "ENG"]

1. e4 e5 2. Nf3 Nc6 3. Bc4 Bc5 4. c3 Nf6 5. d3 d6 6. h3 h6 7. a4 a6 8. b4 Bb6 9.
a5 Ba7 10. O-O O-O 11. Nh4 Nxe4 12. dxe4 Qxh4 13. Qf3 Be6 14. Bd3 Qe7 15. Qg3 Qf6
16. Be3 Bxe3 17. fxe3 Qg6 18. Qf3 Ne7 19. Nd2 Rab8 20. Bc4 Bxc4 21. Nxc4 Qe6 22.
Nd2 f5 23. Qh5 fxe4 24. Nxe4 Qg6 25. Qxg6 Nxg6 26. Nd2 d5 27. e4 Nf4 28. Rfe1 d4
29. cxd4 exd4 30. Nb3 d3 31. Rad1 Rbd8 32. Nc5 b6 33. axb6 cxb6 34. Nxa6 Ne2+ 35.
Kh2 Nc3 36. Rd2 Rf7 37. e5 Re7 38. Re3 Ne2 39. Rdxd3 Rxd3 40. Rxd3 Rxe5 41. Rd8+
Kf7 42. Rd7+ Re7 43. Rd6 Re6 44. Rd7+ Kf6 45. Nc7  1/2-1/2

[Event "British Chess Championships 2023: U14 Championship"]
[Site "The Venue, De Montfort University, 20 Western Boulevard, Leicester, LE2 7BU"]
[Date "2023.07.25"]
[Round "1"]
[Board "23"]
[White "Ananyev, Miron"]
[Black "Mitraka, Chrysa"]
[Result "0-1"]
[WhiteElo "1525"]
[BlackElo "1086"]
[PlyCount "72"]
[EventDate "2023.07.25"]
[EventRounds "7"]
[EventCountry "ENG"]

1. d4 d5 2. Nf3 Nf6 3. e3 e6 4. Nc3 c5 5. b3 Nc6 6. Bb5 Be7 7. Ne5 Qc7 8. Bxc6+ bxc6
9. Na4 cxd4 10. exd4 O-O 11. O-O Bd6 12. Bb2 Nd7 13. Re1 f6 14. Nxd7 Bxd7 15. g3
e5 16. Nc5 Bxc5 17. dxc5 e4 18. c4 Be6 19. cxd5 cxd5 20. Qd4 Rfd8 21. f3 Bf5 22.
f4 Rac8 23. Ba3 Bg4 24. Bb4 Bf3 25. Qd2 Qd7 26. Rf1 d4 27. Rad1 Bxd1 28. Qxd1 d3
29. Re1 Qd4+ 30. Kf1 Qxb4 31. Qg4 Re8 32. c6 d2 33. Rd1 e3 34. Qe2 Qe4 35. Qc4+ Qxc4+
36. bxc4 e2+  0-1

[Event "British Chess Championships 2023: U14 Championship"]
[Site "The Venue, De Montfort University, 20 Western Boulevard, Leicester, LE2 7BU"]
[Date "2023.07.25"]
[Round "1"]
[Board "24"]
[White "Pannu, Mya"]
[Black "Dissanayake, Sathsara"]
[Result "0-1"]
[WhiteElo "1041"]
[BlackElo "1497"]
[PlyCount "114"]
[EventDate "2023.07.25"]
[EventRounds "7"]
[EventCountry "ENG"]

1. d4 d5 2. Nf3 Nc6 3. e3 Bg4 4. Be2 Nf6 5. b3 Qd7 6. Bb2 O-O-O 7. Nbd2 Bf5 8. Bd3
Bxd3 9. cxd3 e6 10. O-O g6 11. Ne5 Nxe5 12. dxe5 Ng8 13. d4 Bg7 14. Ba3 f6 15. f4
h5 16. Rc1 Kb8 17. Rc3 Qf7 18. Qc1 Nh6 19. Nf3 Nf5 20. Qc2 Rc8 21. Rc1 Rhg8 22. Bd6
Nxd6 23. exd6 c6 24. b4 Rgd8 25. b5 Qe8 26. bxc6 Rxc6 27. d7 Qxd7 28. Qxg6 Rh8 29.
Qb1 Rb6 30. Rb3 Rxb3 31. Qxb3 Rc8 32. Rxc8+ Qxc8 33. Qa3 Bf8 34. Qd3 f5 35. Kf2 a6
36. Kg3 Be7 37. Ng5 h4+ 38. Kxh4 Qh8+ 39. Kg3 Bxg5 40. fxg5 Qh5 41. h3 Qxg5+ 42.
Kh2 b5 43. Qf1 Qxe3 44. Qd1 Qf4+ 45. Kh1 Qf2 46. Qh5 Qf1+ 47. Kh2 Qf4+ 48. Kh1 Qc7
49. Qe8+ Qc8 50. Qxc8+ Kxc8 51. Kg1 a5 52. Kf2 b4 53. Ke2 a4 54. Kd2 Kd7 55. Kc2
Kd6 56. Kb2 e5 57. dxe5+ Kxe5  0-1

[Event "British Chess Championships 2023: U14 Championship"]
[Site "The Venue, De Montfort University, 20 Western Boulevard, Leicester, LE2 7BU"]
[Date "2023.07.26"]
[Round "2"]
[Board "1"]
[White "Thomas, James"]
[Black "Larchikov, Maksym"]
[Result "0-1"]
[WhiteElo "1588"]
[BlackElo "1859"]
[PlyCount "72"]
[EventDate "2023.07.25"]
[EventRounds "7"]
[EventCountry "ENG"]

1. d4 Nf6 2. Nf3 d5 3. Bf4 e6 4. e3 Bd6 5. Bg3 b6 6. Nbd2 Bb7 7. c3 O-O 8. Bd3 c5
9. a3 Qc7 10. Bxd6 Qxd6 11. Ne5 Nbd7 12. Ndf3 Ne4 13. Nxd7 Qxd7 14. Ne5 Qe7 15. O-O
f6 16. Nf3 Rad8 17. Qa4 a6 18. Qc2 g6 19. Nd2 Nd6 20. Rfe1 Rc8 21. Rad1 c4 22. Bf1
e5 23. dxe5 fxe5 24. Nf3 Qf6 25. h3 Ne4 26. Re2 Bc6 27. Ne1 Rcd8 28. f3 Nc5 29. Rf2
Ba4 30. Qb1 Bxd1 31. Qxd1 b5 32. g4 d4 33. cxd4 exd4 34. exd4 Qxd4 35. Qc2 Rde8 36.
Qc1 Ne4  0-1

[Event "British Chess Championships 2023: U14 Championship"]
[Site "The Venue, De Montfort University, 20 Western Boulevard, Leicester, LE2 7BU"]
[Date "2023.07.26"]
[Round "2"]
[Board "2"]
[White "Cancedda-Dupuis, Livio"]
[Black "Oh, Julie"]
[Result "1-0"]
[WhiteElo "1656"]
[BlackElo "1374"]
[PlyCount "107"]
[EventDate "2023.07.25"]
[EventRounds "7"]
[EventCountry "ENG"]

1. e4 c5 2. Nf3 e6 3. d4 cxd4 4. Nxd4 Nc6 5. Nc3 Qc7 6. Be3 a6 7. Nxc6 bxc6 8. a3
Nf6 9. g3 d5 10. Bg2 Bb7 11. O-O Rd8 12. Na4 d4 13. Bd2 c5 14. Bg5 Be7 15. Re1 Qa5
16. b3 c4 17. e5 Bxg2 18. Kxg2 Qd5+ 19. Qf3 Qxf3+ 20. Kxf3 Nd5 21. Bxe7 Nxe7 22.
bxc4 d3 23. cxd3 Rxd3+ 24. Re3 Rxe3+ 25. Kxe3 Nc6 26. Rb1 O-O 27. f4 Rc8 28. c5 f6
29. exf6 gxf6 30. Rb6 a5 31. Rb7 e5 32. fxe5 Nxe5 33. Kf4 Nd3+ 34. Kf5 Nxc5 35. Nxc5
Rxc5+ 36. Kxf6 Rc6+ 37. Kg5 Rc3 38. Ra7 Rxa3 39. Kh6 Ra2 40. h4 Rg2 41. Rg7+ Kf8
42. g4 a4 43. g5 a3 44. Rxh7 Rg4 45. Ra7 Rxh4+ 46. Kg6 Rh3 47. Ra8+ Ke7 48. Kg7 Rg3
49. g6 Rh3 50. Kg8 Rg3 51. g7 Kf6 52. Ra6+ Kf5 53. Kh8 Rxg7 54. Kxg7  1-0

[Event "British Chess Championships 2023: U14 Championship"]
[Site "The Venue, De Montfort University, 20 Western Boulevard, Leicester, LE2 7BU"]
[Date "2023.07.26"]
[Round "2"]
[Board "3"]
[White "Zhu, Pengxiao"]
[Black "Bhatia, Kanishka"]
[Result "1/2-1/2"]
[WhiteElo "1487"]
[BlackElo "1592"]
[PlyCount "54"]
[EventDate "2023.07.25"]
[EventRounds "7"]
[EventCountry "ENG"]

1. d4 Nf6 2. c4 e6 3. Nc3 d5 4. cxd5 exd5 5. Bg5 Bb4 6. Qc2 h6 7. Bh4 c6 8. e3 Be6
9. Bd3 Nbd7 10. Nge2 Bd6 11. f3 Qc7 12. h3 Rc8 13. Bf2 Qb8 14. O-O O-O 15. e4 Bc7
16. e5 Ne8 17. b4 b6 18. Bh4 Bd8 19. Bf2 c5 20. bxc5 bxc5 21. Rab1 Qa8 22. f4 cxd4
23. Nxd4 Ba5 24. Be1 Bb6 25. Bf2 Ba5 26. Be1 Bb6 27. Bf2 Ba5  1/2-1/2

[Event "British Chess Championships 2023: U14 Championship"]
[Site "The Venue, De Montfort University, 20 Western Boulevard, Leicester, LE2 7BU"]
[Date "2023.07.26"]
[Round "2"]
[Board "4"]
[White "Xu, Jiarui"]
[Black "Swiatkowski, Dominik"]
[Result "0-1"]
[WhiteElo "1642"]
[BlackElo "1361"]
[PlyCount "71"]
[EventDate "2023.07.25"]
[EventRounds "7"]
[EventCountry "ENG"]

1. e4 c5 2. Nf3 d6 3. d3 g6 4. Nc3 Bg7 5. g3 Nc6 6. Bg2 Nf6 7. O-O h6 8. Be3 O-O
9. h3 Rb8 10. Ne2 b5 11. c3 Bb7 12. Nd2 Nd7 13. f4 f5 14. exf5 gxf5 15. Qb3+ Kh8
16. Qxb5 Nd4 17. Qa4 Nxe2+ 18. Kf2 Bxg2 19. Kxg2 Rxb2 20. Nc4 Nxc3+ 21. Nxb2 Nxa4
22. Nxa4 Bxa1 23. Rxa1 Qc8 24. d4 Qc6+ 25. Kf2 Qxa4 26. dxc5 dxc5 27. g4 fxg4 28.
hxg4 Rxf4+ 29. Ke2 Qc2+ 30. Bd2 Rf2+ 31. Kxf2 Qxd2+ 32. Kf1 Qf4+ 33. Kg2 Qxg4+ 34.
Kh2 Ne5 35. Rf1 Nf3+ 36. Rxf3  0-1

[Event "British Chess Championships 2023: U14 Championship"]
[Site "The Venue, De Montfort University, 20 Western Boulevard, Leicester, LE2 7BU"]
[Date "2023.07.26"]
[Round "2"]
[Board "5"]
[White "Roul, Tushar"]
[Black "Catabay, Mae C"]
[Result "1-0"]
[WhiteElo "1545"]
[BlackElo "1579"]
[PlyCount "85"]
[EventDate "2023.07.25"]
[EventRounds "7"]
[EventCountry "ENG"]

1. e4 c5 2. Nf3 Nc6 3. Bb5 e6 4. Bxc6 dxc6 5. O-O Bd6 6. e5 Bc7 7. d3 Ne7 8. Bg5
O-O 9. Bxe7 Qxe7 10. c4 Rd8 11. Qe2 b5 12. Nc3 Rb8 13. b3 a6 14. Rad1 Bb6 15. Rfe1
Ba5 16. Qc2 Rb7 17. Re3 Bxc3 18. Qxc3 b4 19. Qe1 Rbd7 20. Qe2 a5 21. a4 Rc7 22. Qd2
Rcd7 23. Qe2 Rc7 24. Re4 Rcd7 25. d4 cxd4 26. Rexd4 c5 27. Rxd7 Rxd7 28. h3 Bb7 29.
Ne1 Qd8 30. Rxd7 Qxd7 31. Nd3 Qd4 32. Qe3 Qxe3 33. fxe3 Be4 34. Nxc5 Bc6 35. Kf2
Kf8 36. Ke2 Ke7 37. e4 Kd8 38. Ke3 Kc7 39. Nd3 Bb7 40. Kd4 Kc6 41. g4 g6 42. g5 Bc8
43. Nf2  1-0

[Event "British Chess Championships 2023: U14 Championship"]
[Site "The Venue, De Montfort University, 20 Western Boulevard, Leicester, LE2 7BU"]
[Date "2023.07.26"]
[Round "2"]
[Board "6"]
[White "Dissanayake, Sathsara"]
[Black "Welling, Zac"]
[Result "0-1"]
[WhiteElo "1497"]
[BlackElo "1661"]
[PlyCount "92"]
[EventDate "2023.07.25"]
[EventRounds "7"]
[EventCountry "ENG"]

1. e4 c5 2. Nf3 d6 3. d4 cxd4 4. Nxd4 Nf6 5. Nc3 a6 6. a4 g6 7. Bd3 Bg7 8. O-O O-O
9. Nf3 Nc6 10. Be3 Bd7 11. Qd2 Re8 12. Nd5 Nxd5 13. exd5 Ne5 14. Nxe5 Bxe5 15. a5
Qc8 16. Rab1 Bf5 17. Rfd1 Bxd3 18. Qxd3 Qd7 19. c4 e6 20. b3 Rac8 21. Qd2 f5 22.
f4 Bg7 23. Bb6 e5 24. Be3 exf4 25. Bxf4 Re4 26. Re1 Bd4+ 27. Be3 Bxe3+ 28. Rxe3 Rce8
29. Rbe1 Qg7 30. Rxe4 fxe4 31. b4 Qe5 32. Re3 Qa1+ 33. Qe1 Qd4 34. Qe2 Rc8 35. Kf2
Rxc4 36. Kg3 Qxd5 37. Qg4 Qe5+ 38. Kh4 Qf6+ 39. Kg3 Qf5 40. Qh4 g5 41. Qg4 Qxg4+
42. Kxg4 Rxb4 43. Kxg5 Kg7 44. Kf5 d5 45. Ke5 Rb5 46. Ra3 Kf7  0-1

[Event "British Chess Championships 2023: U14 Championship"]
[Site "The Venue, De Montfort University, 20 Western Boulevard, Leicester, LE2 7BU"]
[Date "2023.07.26"]
[Round "2"]
[Board "7"]
[White "Sohi, Aarav"]
[Black "Malik, Hunain"]
[Result "0-1"]
[WhiteElo "1230"]
[BlackElo "1675"]
[PlyCount "98"]
[EventDate "2023.07.25"]
[EventRounds "7"]
[EventCountry "ENG"]

1. d4 Nf6 2. c4 g6 3. Nc3 Bg7 4. Nf3 d6 5. Bf4 O-O 6. e3 Nbd7 7. Be2 c6 8. O-O Nh5
9. Bg5 h6 10. Bh4 g5 11. Bg3 Nxg3 12. fxg3 Qb6 13. Qb3 e5 14. Qxb6 Nxb6 15. dxe5
dxe5 16. Ne4 f5 17. Nd6 c5 18. h4 e4 19. Nd2 Bxb2 20. Rab1 Be5 21. Nxc8 Raxc8 22.
Kh2 gxh4 23. Rh1 Bxg3+ 24. Kg1 Rc7 25. Nf1 Kh8 26. Nxg3 hxg3 27. Rf1 Rg7 28. Rh5
Rg5 29. Rh3 Rd8 30. Rf4 Rd2 31. Bf1 Kg7 32. Rfh4 h5 33. a3 Rc2 34. Rf4 Na4 35. Rhh4
Nc3 36. Kh1 Nd1 37. Rh3 Nxe3 38. Kg1 Rc1 39. Rhh4 Rg4 40. Rhxg4+ hxg4 41. a4 Kg6
42. Rf2 gxf2+ 43. Kxf2 Nxf1 44. g3 Nxg3 45. Kxg3 f4+ 46. Kf2 g3+ 47. Kg2 Kg5 48.
a5 Kg4 49. a6 f3#  0-1

[Event "British Chess Championships 2023: U14 Championship"]
[Site "The Venue, De Montfort University, 20 Western Boulevard, Leicester, LE2 7BU"]
[Date "2023.07.26"]
[Round "2"]
[Board "8"]
[White "Spirling, Florence"]
[Black "Kalaiyalahan, Aishwarya"]
[Result "1-0"]
[WhiteElo "1180"]
[BlackElo "1389"]
[PlyCount "101"]
[EventDate "2023.07.25"]
[EventRounds "7"]
[EventCountry "ENG"]

1. a3 e5 2. c4 Nf6 3. Nc3 g6 4. Nf3 d6 5. d3 Bg7 6. g3 O-O 7. Bg2 Be6 8. Nxe5 dxe5
9. Bxb7 Nbd7 10. Bxa8 Qxa8 11. f3 Rd8 12. Nb5 c6 13. Nc7 Qb7 14. Nxe6 fxe6 15. O-O
Nb6 16. Qb3 c5 17. a4 Rb8 18. Bd2 Nc8 19. Qxb7 Rxb7 20. Bc3 Nd7 21. Ra2 Nd6 22. g4
Nb8 23. Kf2 Nc6 24. e4 Nd4 25. Bxd4 exd4 26. f4 e5 27. f5 Rf7 28. Ke2 gxf5 29. gxf5
Bh6 30. Rg1+ Kf8 31. b3 Nb7 32. a5 a6 33. Kd1 Be3 34. Rg4 Nd6 35. Rag2 Ne8 36. Rg8+
Ke7 37. Kc2 Bh6 38. b4 cxb4 39. Kb3 Kd8 40. Kxb4 Bf8+ 41. Ka4 Nf6 42. R8g3 Rb7 43.
Ra2 Rb4+ 44. Ka3 Rxc4+ 45. Kb2 Nh5 46. dxc4 Nxg3 47. hxg3 h6 48. Kc2 Be7 49. Rb2
h5 50. Rb6 Kc7 51. Rxa6  1-0

[Event "British Chess Championships 2023: U14 Championship"]
[Site "The Venue, De Montfort University, 20 Western Boulevard, Leicester, LE2 7BU"]
[Date "2023.07.26"]
[Round "2"]
[Board "9"]
[White "Mitraka, Chrysa"]
[Black "Gulijevs, Eldars"]
[Result "0-1"]
[WhiteElo "1086"]
[BlackElo "1845"]
[PlyCount "93"]
[EventDate "2023.07.25"]
[EventRounds "7"]
[EventCountry "ENG"]

1. d4 c6 2. c4 d5 3. cxd5 cxd5 4. Nc3 Nc6 5. Nf3 Nf6 6. Qc2 g6 7. Bg5 Bg7 8. e3 O-O
9. Be2 Bf5 10. Qd1 a6 11. a3 b5 12. b4 Rc8 13. Rc1 Ng4 14. h3 Nf6 15. O-O Qd7 16.
Bf4 Rfd8 17. Bd3 Ne4 18. Bxe4 dxe4 19. Nd2 e5 20. Bg3 exd4 21. exd4 Qxd4 22. Bf4
Ne5 23. Be3 Qd3 24. Qe2 Rxc3 25. Qxd3 Rdxd3 26. Rxc3 Rxc3 27. Nb1 Rb3 28. Rd1 Rd3
29. Re1 Nc4 30. Bc1 Bb2 31. Bxb2 Nxb2 32. Kh2 Nc4 33. g4 Be6 34. Rxe4 Nxa3 35. Nxa3
Rxa3 36. Rd4 Ra4 37. Rd6 Rxb4 38. Rxa6 Rb2 39. Kg3 b4 40. Rb6 b3 41. Rb8+ Kg7 42.
Rb4 Rc2 43. Rb5 b2 44. Rxb2 Rxb2 45. h4 h5 46. gxh5 gxh5 47. Kf4  0-1

[Event "British Chess Championships 2023: U14 Championship"]
[Site "The Venue, De Montfort University, 20 Western Boulevard, Leicester, LE2 7BU"]
[Date "2023.07.26"]
[Round "2"]
[Board "10"]
[White "Freeman, Luke"]
[Black "Blades, Kit"]
[Result "0-1"]
[WhiteElo "1387"]
[BlackElo "1689"]
[PlyCount "92"]
[EventDate "2023.07.25"]
[EventRounds "7"]
[EventCountry "ENG"]

1. e4 c5 2. c3 d5 3. exd5 Qxd5 4. d4 Nf6 5. Nf3 Bg4 6. Be2 e6 7. O-O Nc6 8. Be3 cxd4
9. cxd4 Be7 10. Nc3 Qd6 11. Rc1 O-O 12. h3 Bh5 13. Na4 Nb4 14. a3 Nbd5 15. Ne5 Bg6
16. Nc5 Nxe3 17. fxe3 Nd5 18. Rf3 Bg5 19. Nxg6 fxg6 20. Ne4 Qe7 21. Nxg5 Qxg5 22.
Rxf8+ Rxf8 23. Qd2 Qg3 24. Rf1 Rxf1+ 25. Bxf1 Qxe3+ 26. Qxe3 Nxe3 27. Be2 b6 28.
Bf3 Kf7 29. b3 Nc2 30. a4 Nxd4 31. Bd1 e5 32. Kf2 Ke6 33. Ke3 Kd5 34. Kd3 e4+ 35.
Ke3 Nf5+ 36. Kd2 Kd4 37. Bc2 Ne3 38. Bb1 Nxg2 39. Ke2 Nf4+ 40. Kd2 Nxh3 41. a5 bxa5
42. b4 axb4 43. Kd1 Nf4 44. Ke1 b3 45. Kd1 Nd5 46. Kc1 Ne3  0-1

[Event "British Chess Championships 2023: U14 Championship"]
[Site "The Venue, De Montfort University, 20 Western Boulevard, Leicester, LE2 7BU"]
[Date "2023.07.26"]
[Round "2"]
[Board "11"]
[White "Parikh, Naavya"]
[Black "Martin, Ryan"]
[Result "1-0"]
[WhiteElo "1517"]
[BlackElo "1354"]
[PlyCount "137"]
[EventDate "2023.07.25"]
[EventRounds "7"]
[EventCountry "ENG"]

1. e4 c5 2. Nc3 Nc6 3. Bb5 Nd4 4. Bc4 g6 5. f4 e6 6. Nf3 Bg7 7. O-O Ne7 8. e5 a6
9. Nxd4 cxd4 10. Ne4 O-O 11. b3 b5 12. Bd3 Rb8 13. Bb2 Qb6 14. Qe1 f5 15. exf6 Bxf6
16. Nxf6+ Rxf6 17. Qe5 Nd5 18. Bxd4 d6 19. Qxf6 Nxf6 20. Bxb6 Rxb6 21. Rfe1 Nd5 22.
Re4 Kf7 23. a3 Bb7 24. Rae1 Ba8 25. Rxe6 Nxf4 26. Re7+ Kf6 27. Re8 Nxd3 28. Rf1+
Kg7 29. Rxa8 Ne5 30. Ra7+ Kh6 31. Rf8 Rc6 32. c3 d5 33. Rh8 Re6 34. Rhxh7+ Kg5 35.
Rhe7 Rxe7 36. Rxe7 Nd3 37. Rd7 Nc1 38. Rxd5+ Kf4 39. b4 Ke4 40. Rd4+ Ke5 41. Kf2
Nb3 42. Ke3 Na1 43. Kd3 Nb3 44. h4 Nc1+ 45. Ke3 Nb3 46. g4 a5 47. bxa5 Nxa5 48. d3
Nc6 49. Rb4 Nxb4 50. axb4 Ke6 51. Ke4 Kf6 52. h5 gxh5 53. gxh5 Kg5 54. Kd5 Kxh5 55.
Kc5 Kg6 56. Kxb5 Kf6 57. d4 Ke6 58. c4 Ke7 59. d5 Kd7 60. c5 Kc7 61. c6 Kb8 62. d6
Ka7 63. c7 Ka8 64. d7 Ka7 65. c8=R Kb7 66. Kc5 Ka6 67. Kc6 Ka7 68. d8=R Ka6 69. Ra8#
 1-0

[Event "British Chess Championships 2023: U14 Championship"]
[Site "The Venue, De Montfort University, 20 Western Boulevard, Leicester, LE2 7BU"]
[Date "2023.07.26"]
[Round "2"]
[Board "12"]
[White "Leung, Hao Ran"]
[Black "Vaidyanathan, Sathya"]
[Result "1/2-1/2"]
[WhiteElo "1432"]
[BlackElo "1465"]
[PlyCount "116"]
[EventDate "2023.07.25"]
[EventRounds "7"]
[EventCountry "ENG"]

1. Nf3 Nf6 2. d4 d5 3. Bf4 c6 4. e3 Bf5 5. Bd3 Bxd3 6. Qxd3 e6 7. Nbd2 Bd6 8. O-O
Bxf4 9. exf4 O-O 10. g3 Nbd7 11. b4 a6 12. a4 Qb6 13. Rfb1 Rfc8 14. c4 g6 15. c5
Qa7 16. Ra2 Rc7 17. Rab2 b5 18. Ra1 Qb8 19. Rba2 Rca7 20. Nb3 Qc7 21. Nfd2 Nb8 22.
Nb1 Ne4 23. f3 Nf6 24. Nc3 h5 25. axb5 axb5 26. Rxa7 Rxa7 27. Na5 Na6 28. Nxb5 cxb5
29. Qxb5 Nb8 30. Ra4 h4 31. Nb3 Rxa4 32. Qxa4 hxg3 33. hxg3 g5 34. Qa5 Qxa5 35. Nxa5
gxf4 36. gxf4 Kf8 37. Kf2 Ke8 38. Ke3 Kd7 39. b5 Kc8 40. f5 Nfd7 41. fxe6 fxe6 42.
f4 Nf6 43. f5 exf5 44. Kf4 Ne4 45. Kxf5 Nc3 46. b6 Kd7 47. b7 Kc7 48. Ke6 Na6 49.
Ke5 Nb4 50. Kf5 Nb5 51. Ke5 Nc2 52. Nb3 Nbxd4 53. Nxd4 Nxd4 54. Kxd4 Kxb7 55. Kxd5
Kc7 56. c6 Kd8 57. Kd6 Kc8 58. Kc5 Kc7  1/2-1/2

[Event "British Chess Championships 2023: U14 Championship"]
[Site "The Venue, De Montfort University, 20 Western Boulevard, Leicester, LE2 7BU"]
[Date "2023.07.26"]
[Round "2"]
[Board "13"]
[White "Mittal, Aditya"]
[Black "Kong, Emma"]
[Result "1-0"]
[WhiteElo "1421"]
[BlackElo "1315"]
[PlyCount "77"]
[EventDate "2023.07.25"]
[EventRounds "7"]
[EventCountry "ENG"]

1. b3 c5 2. Bb2 d6 3. e3 e6 4. Nf3 Nf6 5. Bb5+ Nbd7 6. O-O a6 7. Bxd7+ Bxd7 8. d4
Be7 9. dxc5 dxc5 10. c4 O-O 11. Nc3 Qc7 12. Qe2 Bc6 13. Rad1 Ng4 14. g3 h5 15. h3
Nh6 16. Ne5 h4 17. Nxc6 Qxc6 18. e4 Qc7 19. Qe3 Rab8 20. g4 f6 21. a4 Rbd8 22. Ne2
Rxd1 23. Rxd1 Bd6 24. Qd3 Rd8 25. Kg2 Nf7 26. Qe3 e5 27. Nc3 Qc6 28. Rd5 Qb6 29.
Nd1 Qc6 30. Ba3 Rc8 31. Nc3 Qb6 32. b4 Qa7 33. bxc5 Be7 34. Ne2 Rd8 35. Qd3 Rc8 36.
Rd7 Bxc5 37. Rxf7 Bxa3 38. Qd7 Rf8 39. Rxg7+  1-0

[Event "British Chess Championships 2023: U14 Championship"]
[Site "The Venue, De Montfort University, 20 Western Boulevard, Leicester, LE2 7BU"]
[Date "2023.07.26"]
[Round "2"]
[Board "14"]
[White "Gorskovs, Andrejs"]
[Black "Ou, Siyao"]
[Result "1-0"]
[WhiteElo "1414"]
[BlackElo "1088"]
[PlyCount "107"]
[EventDate "2023.07.25"]
[EventRounds "7"]
[EventCountry "ENG"]

1. e4 e6 2. d4 d5 3. e5 c5 4. c3 Nc6 5. Nf3 Qb6 6. a3 Nh6 7. b4 cxd4 8. cxd4 Nf5
9. Bb2 Na5 10. Qa4+ Nc6 11. Bd3 Bd7 12. Bxf5 exf5 13. Qb3 Be6 14. Nbd2 Be7 15. O-O
O-O 16. h4 h6 17. Qe3 Qd8 18. g3 Re8 19. Ne1 Kh7 20. Nd3 g5 21. hxg5 Bxg5 22. f4
Be7 23. Kf2 Rg8 24. Rh1 Rg4 25. Rh3 Rc8 26. Rah1 Rg6 27. Rh5 Bf8 28. Nf3 Ne7 29.
Qd2 Rc7 30. Rc1 b6 31. b5 Rxc1 32. Qxc1 Bd7 33. a4 Bg7 34. Nh4 Re6 35. g4 fxg4 36.
f5 Nxf5 37. Nxf5 Rg6 38. Nxg7 Kxg7 39. Nf4 Rg5 40. Rxg5+ Qxg5 41. Qe3 Qf5 42. Qd2
g3+ 43. Kxg3 Qg4+ 44. Kf2 Qh4+ 45. Ke2 Qh2+ 46. Kd3 Bf5+ 47. Kc3 Qg3+ 48. Kb4 Kh7
49. Nxd5 Be6 50. Nf6+ Kg6 51. Qc3 Qg2 52. Bc1 Qa2 53. Qg3+ Kf5 54. Qg4#  1-0

[Event "British Chess Championships 2023: U14 Championship"]
[Site "The Venue, De Montfort University, 20 Western Boulevard, Leicester, LE2 7BU"]
[Date "2023.07.26"]
[Round "2"]
[Board "15"]
[White "Kathuria, Dhruv"]
[Black "Eradi, Madhav"]
[Result "1-0"]
[WhiteElo "1313"]
[BlackElo "1339"]
[PlyCount "89"]
[EventDate "2023.07.25"]
[EventRounds "7"]
[EventCountry "ENG"]

1. e4 e5 2. Nf3 Nc6 3. Bb5 a6 4. Ba4 b5 5. Bb3 Nf6 6. O-O Be7 7. Re1 O-O 8. c3 Na5
9. Nxe5 d6 10. Nf3 Nxb3 11. Qxb3 c5 12. d4 c4 13. Qc2 Re8 14. Nbd2 Bb7 15. Nf1 d5
16. e5 Nd7 17. Ng3 Nb6 18. Nf5 Bc8 19. Nxe7+ Qxe7 20. Ng5 f5 21. Nf3 Qf7 22. Bf4
h6 23. h3 a5 24. b3 Rb8 25. e6 Bxe6 26. Bxb8 Rxb8 27. Ne5 Qf6 28. Nc6 Ra8 29. Qe2
Bf7 30. Ne7+ Kf8 31. Qe5 Qxe5 32. Rxe5 g6 33. Rae1 Nd7 34. R5e3 Nf6 35. f3 Nh5 36.
g4 fxg4 37. fxg4 Nf4 38. Nc6 g5 39. Ne5 Ra7 40. Nxf7 Kxf7 41. bxc4 bxc4 42. Rb1 Ra6
43. Rb7+ Kg6 44. Rbe7 Ne6 45. R3xe6+  1-0

[Event "British Chess Championships 2023: U14 Championship"]
[Site "The Venue, De Montfort University, 20 Western Boulevard, Leicester, LE2 7BU"]
[Date "2023.07.26"]
[Round "2"]
[Board "16"]
[White "Sharma, Rishan"]
[Black "Aleksandrov, Igor"]
[Result "1-0"]
[WhiteElo "1370"]
[BlackElo "1411"]
[PlyCount "89"]
[EventDate "2023.07.25"]
[EventRounds "7"]
[EventCountry "ENG"]

1. e4 c6 2. d3 d5 3. Nd2 dxe4 4. dxe4 Nf6 5. g3 e6 6. Ngf3 Bc5 7. Bg2 O-O 8. O-O
Nbd7 9. b3 Be7 10. Bb2 Nc5 11. Qe2 h6 12. Rad1 Qa5 13. Nc4 Qa6 14. Nfe5 Ncd7 15.
a4 Nxe5 16. Bxe5 b5 17. axb5 Qxb5 18. Rfe1 Ba6 19. Bxf6 Bxf6 20. e5 Be7 21. Qe4 Rac8
22. Rd7 Bc5 23. Red1 Qb4 24. Nd6 Qxe4 25. Bxe4 Rcd8 26. Rxd8 Rxd8 27. Bxc6 f6 28.
Ra1 fxe5 29. Ne4 Bd4 30. Rxa6 Rc8 31. c3 Bb6 32. Bd7 Rd8 33. Bxe6+ Kf8 34. c4 Ke7
35. Bd5 Bd4 36. Re6+ Kf8 37. Kg2 h5 38. Ng5 g6 39. Rxg6 Ke7 40. Ne6 Rb8 41. Nxd4
exd4 42. Re6+ Kd7 43. Re4 Rxb3 44. Rxd4 a5 45. c5  1-0

[Event "British Chess Championships 2023: U14 Championship"]
[Site "The Venue, De Montfort University, 20 Western Boulevard, Leicester, LE2 7BU"]
[Date "2023.07.26"]
[Round "2"]
[Board "18"]
[White "Edwards, Leon"]
[Black "Ananyev, Miron"]
[Result "1/2-1/2"]
[WhiteElo "1387"]
[BlackElo "1525"]
[PlyCount "36"]
[EventDate "2023.07.25"]
[EventRounds "7"]
[EventCountry "ENG"]

1. d4 d5 2. c4 e6 3. Nc3 Nf6 4. cxd5 exd5 5. Bg5 c6 6. e3 Bf5 7. Bd3 Bxd3 8. Qxd3
Nbd7 9. Nf3 Bd6 10. O-O O-O 11. Rac1 Qc7 12. Nb5 Qb8 13. Nxd6 Qxd6 14. Rc3 Qe6 15.
Bxf6 Nxf6 16. Rb3 Rab8 17. Ne5 c5 18. Qb5 cxd4  1/2-1/2

[Event "British Chess Championships 2023: U14 Championship"]
[Site "The Venue, De Montfort University, 20 Western Boulevard, Leicester, LE2 7BU"]
[Date "2023.07.26"]
[Round "2"]
[Board "19"]
[White "Mehta, Sophie"]
[Black "Ou, Siyuan"]
[Result "1-0"]
[WhiteElo "1410"]
[BlackElo "1232"]
[PlyCount "81"]
[EventDate "2023.07.25"]
[EventRounds "7"]
[EventCountry "ENG"]

1. d4 e6 2. Bf4 d5 3. e3 a6 4. Nf3 c5 5. c3 Nc6 6. Nbd2 Bd7 7. a4 b6 8. Be2 h6 9.
h3 Nf6 10. O-O g5 11. Bh2 Na5 12. dxc5 bxc5 13. Ne5 c4 14. Bh5 Rh7 15. Bf3 Bg7 16.
Re1 Bc6 17. Nxc6 Nxc6 18. Nxc4 Bf8 19. Ne5 Nxe5 20. Bxe5 Bd6 21. Qd4 Bxe5 22. Qxe5
Nd7 23. Qd4 Rc8 24. Qd3 Rg7 25. Qxa6 Nf6 26. Qb5+ Kf8 27. Qe2 Qd6 28. Bh5 Rc4 29.
a5 Nd7 30. a6 Nb6 31. a7 Na8 32. Red1 Qb6 33. Bf3 f6 34. e4 Rxa7 35. Rxa7 Qxa7 36.
exd5 exd5 37. Bxd5 Rc8 38. Qe6 Qc7 39. Qxf6+ Ke8 40. Re1+ Kd7 41. Qe7#  1-0